[Geometry Dash] Players with most Moons - Statistics

General Stats
  • This quiz has been taken 8 times
  • The average score is 5 of 50
Answer Stats
# Player % Correct
6 thearmyants
100%
31 Electro
67%
2 MaskedMSS
67%
21 Montanso
67%
25 Pouche
67%
1 revnotruv
67%
44 Smiffy777
67%
13 Aibyou
33%
49 AciiGD
0%
19 aCoolUser
0%
39 AndresDVF
0%
35 AzurianFX
0%
47 batthi
0%
24 Cenius
0%
7 Colouts
0%
17 DefffolD
0%
4 DolphDaOne
0%
8 Dxshing
0%
36 FlautasChidas
0%
40 GuiGOOO
0%
20 HesABaby
0%
14 IvanCrafter026
0%
22 JOA23
0%
28 jsemtoja
0%
33 JustAMushroom
0%
10 kgamesync
0%
16 Krinsi
0%
42 ktg964
0%
50 Latyoki
0%
5 Maksimym200
0%
29 MarikDima5
0%
43 MiJinn
0%
38 NivleGM
0%
27 NubotGD
0%
15 PenixGD
0%
23 Pupmkinv2
0%
34 qmax22
0%
26 QuadSecret
0%
45 SeafoodWarrior
0%
3 Spycold
0%
18 tiki20
0%
48 ToadGamerGD777
0%
30 tuitidash
0%
32 veggafr
0%
37 VictorPonta
0%
46 Walkman17
0%
12 WolGyeSoo
0%
41 Xeronin
0%
9 zertamofosis
0%
11 zibai
0%
No matching quizzes found
Score Distribution
Percent of People with Each Score
Percentile by Number Answered
Your Score History
You have not taken this quiz